عرض عادي
عرض مارك
- ArgMAS 2010
مدخل إسم مؤتمر
001 - رقم الضبط
- حقل الضبط: 39843
003 - معرف رقم الضبط
- حقل الضبط: OSt
005 - تاريخ ووقت أخر عملية
- حقل الضبط: 20131116102229.0
008 - عناصر بيانات ثابتة الطول
- حقل تحكم ثابت الطول: 131116|||a|||||| | ||| d
040 ## - مصدر الفهرسة
- هيئة الفهرسة الأصلية: OSt
- وكالة الكتابة: OSt
111 ## - مدخل -- اسم مؤتمر
- اسم الملتقي او اسم السلطه كعنصر مدخل: ArgMAS 2010
- تاريخ المؤتمر: (2010 :
- مكان الملتقي: Toronto, Ont.)
670 ## - بيانات المصدر موجوده
- الاستشهاد بالمصدر: Work cat.: (OSt)0: ArgMAS 2010 (2010 : Toronto, Ont.), Argumentation in multi-agent systems :, c2011.
